Eltern und Schüler: die Schule als Problem in der Familienerziehung

Guardado en:  
Detalles Bibliográficos
Autor principal: Ulich, Klaus 1943- (Autor)
Tipo de documento: Print Artículo
Lenguaje:Alemán
Publicado: 1989
En: Zeitschrift für Sozialisationsforschung und Erziehungssoziologie
Año: 1989, Volumen: 9, Número: 3, Páginas: 179-194
Verificar disponibilidad: HBZ Gateway
Palabras clave:

MARC

LEADER 00000caa a22000002c 4500
001 1634431901
003 DE-627
005 20250613123043.0
007 tu
008 120822s1989 xx ||||| 00| ||ger c
035 |a (DE-627)1634431901 
035 |a (DE-576)370192176 
035 |a (DE-599)BSZ370192176 
040 |a DE-627  |b ger  |c DE-627  |e rakwb 
041 |a ger 
100 1 |a Ulich, Klaus  |d 1943-  |0 (DE-588)122839935  |0 (DE-627)082185883  |0 (DE-576)163374163  |4 aut 
109 |a Ulich, Klaus 1943- 
245 1 0 |a Eltern und Schüler  |b die Schule als Problem in der Familienerziehung  |c Klaus Ulich 
264 1 |c 1989 
336 |a Text  |b txt  |2 rdacontent 
337 |a ohne Hilfsmittel zu benutzen  |b n  |2 rdamedia 
338 |a Band  |b nc  |2 rdacarrier 
650 4 |a Schule 
650 4 |a Familie 
650 4 |a Erziehung 
650 4 |a Familienerziehung 
773 0 8 |i In  |t Zeitschrift für Sozialisationsforschung und Erziehungssoziologie  |d Weinheim : Juventa-Verl., 1981  |g 9(1989), 3, Seite 179-194  |w (DE-627)129339547  |w (DE-600)145201-0  |w (DE-576)014659816  |x 1436-1957  |7 nnas 
773 1 8 |g volume:9  |g year:1989  |g number:3  |g pages:179-194 
935 |a mkri 
951 |a AR 
ELC |b 1 
LOK |0 000 xxxxxcx a22 zn 4500 
LOK |0 001 3289472272 
LOK |0 003 DE-627 
LOK |0 004 1634431901 
LOK |0 005 20260223141110 
LOK |0 008 120822||||||||||||||||ger||||||| 
LOK |0 040   |a DE-21-110  |c DE-627  |d DE-21-110 
LOK |0 852   |z Kein Bestand am IfK; Nachweis für KrimDok 
LOK |0 852   |a DE-21-110 
LOK |0 852 1  |m v  |9 00 
LOK |0 935   |a k110 
LOK |0 938   |k v 
LOK |0 939   |a 22-08-12  |b l01 
ORI |a WA-MARC-krimdoka001.raw